Mimoprodukční přínos trvale udržitelného multifunkčního zemědělství v podmínkách České republiky /

Hlavní autor: Grega, Libor, 1963-
Jazyk: Čeština
Vydáno: Brno : Mendelova zemědělská a lesnická univerzita v Brně, Provozně ekonomická fakulta, 2006
Vydání: 1. vyd.
Témata:
Externí odkaz: Digitalizovaný dokument
Fyzický popis: 340 s. na [85] l. : il. ; 30 cm
Knihy
Uloženo v:
LEADER 02326nam a2200553 a 4500
001 nkc20061643418
003 CZ PrNK
005 20070927151545.0
007 ta
008 060217s2006 xr a f 000 0 cze
015 |a cnb001643418 
020 |a 80-7157-926-2  |q (kroužková vazba) 
035 |a (OCoLC)188549958 
040 |a BOA001  |b cze  |d ABA001 
043 |a e------ 
072 7 |a 63  |x Zemědělství a příbuzné oblasti vědy a techniky  |2 Konspekt  |9 24 
080 |a 63  |2 MRF 
080 |a 338.43.01  |2 MRF 
080 |a 631.11  |2 MRF 
080 |a 338.43.02  |2 MRF 
080 |a 711.3  |2 MRF 
080 |a (4)  |2 MRF 
080 |a (048.8)  |2 MRF 
100 1 |a Grega, Libor,  |d 1963-  |7 xx0018740  |4 aut 
245 1 0 |a Mimoprodukční přínos trvale udržitelného multifunkčního zemědělství v podmínkách České republiky /  |c Libor Grega a kolektiv 
250 |a 1. vyd. 
260 |a Brno :  |b Mendelova zemědělská a lesnická univerzita v Brně, Provozně ekonomická fakulta,  |c 2006 
300 |a 340 s. na [85] l. :  |b il. ;  |c 30 cm 
500 |a 50 výt. 
500 |a Popsáno podle kopie, původně vyšlo jako pub. v jiném formátu 
504 |a Obsahuje bibliografii 
650 0 7 |a zemědělství  |7 ph116770  |z země Evropské unie  |2 czenas 
650 0 7 |a ekonomika zemědělství  |7 ph136643  |z země Evropské unie  |2 czenas 
650 0 7 |a zemědělské podniky  |7 ph116764  |z země Evropské unie  |2 czenas 
650 0 7 |a zemědělská politika  |7 ph127616  |z země Evropské unie  |2 czenas 
650 0 7 |a rozvoj venkova  |7 ph136666  |z země Evropské unie  |2 czenas 
650 0 9 |a agriculture  |z European Union countries  |2 eczenas 
650 0 9 |a economics of agriculture  |z European Union countries  |2 eczenas 
650 0 9 |a agricultural enterprises  |z European Union countries  |2 eczenas 
650 0 9 |a agriculture and state  |z European Union countries  |2 eczenas 
650 0 9 |a rural development  |z European Union countries  |2 eczenas 
655 7 |a studie  |7 fd133597  |2 czenas 
655 9 |a studies  |2 eczenas 
856 4 1 |u http://www.digitalniknihovna.cz/mzk/uuid/uuid:1a808250-29ae-11eb-bd18-005056827e51  |y Digitalizovaný dokument  |x NDK 
910 2 |a BOA001  |b 3-1182.742 
990 |a BK 
995 |a 01 
991 |b 200707  |c NOV 
996 6 |b 2610315808  |c 3-1182.742  |l MZK  |r Sklad / do 1 hodiny  |n 6  |p p.v.  |w 000856947  |u 000010  |a 1  |e BOA001  |j MZK50  |s P